[Event "Girls U20 Polish Youth Championship"]
[Site "Ustron"]
[Date "2019.11.26"]
[Round "5"]
[White "Czernikowska, Laura"]
[Black "Siekanska, Zuzanna"]
[Result "1-0"]
[Board "9"]
[WhiteElo "1349"]
[WhiteTitle "WCM"]
[WhiteCountry "POL"]
[WhiteFideId "21805970"]
[WhiteEloChange "18"]
[BlackElo "1723"]
[BlackCountry "POL"]
[BlackFideId "21852537"]
[BlackEloChange "-18"]

1. f4 {[%clk 1:30:55]} d5 {[%clk 1:30:27]} 2. Nf3 {[%clk 1:30:53]} e6 {[%clk
1:30:17]} 3. g3 {[%clk 1:30:52]} Bd6 {[%clk 1:30:14]} 4. Bg2 {[%clk 1:30:27]} Ne7
{[%clk 1:30:10]} 5. O-O {[%clk 1:29:12]} c5 {[%clk 1:30:04]} 6. d3 {[%clk
1:27:06]} Nbc6 {[%clk 1:29:07]} 7. Nc3 {[%clk 1:24:18]} a6 {[%clk 1:28:50]} 8. e4
{[%clk 1:16:37]} d4 {[%clk 1:27:42]} 9. Ne2 {[%clk 1:10:05]} Rb8 {[%clk 1:25:51]}
10. a4 {[%clk 1:01:41]} b5 {[%clk 1:21:43]} 11. Kh1 {[%clk 0:50:05]} Bb7 {[%clk
1:19:35]} 12. Bd2 {[%clk 0:43:04]} Bc7 {[%clk 1:15:24]} 13. Qe1 {[%clk 0:33:52]}
O-O {[%clk 1:14:19]} 14. h3 {[%clk 0:32:06]} c4 {[%clk 1:10:13]} 15. Qf2 {[%clk
0:23:21]} Bb6 {[%clk 1:09:26]} 16. Qg1 {[%clk 0:20:01]} b4 {[%clk 1:05:29]} 17.
Qh2 {[%clk 0:16:27]} c3 {[%clk 1:01:22]} 18. Be1 {[%clk 0:12:04]} cxb2 {[%clk
0:53:29]} 19. Rb1 {[%clk 0:12:06]} Bc5 {[%clk 0:49:01]} 20. Rxb2 {[%clk 0:11:56]}
Qa5 {[%clk 0:46:18]} 21. Ra2 {[%clk 0:11:01]} Qb6 {[%clk 0:46:08]} 22. Rb2 {[%clk
0:10:42]} Rfd8 {[%clk 0:40:33]} 23. Nd2 {[%clk 0:10:17]} Na5 {[%clk 0:39:25]} 24.
Bf2 {[%clk 0:10:00]} Bc6 {[%clk 0:37:34]} 25. Ra1 {[%clk 0:10:01]} Qa7 {[%clk
0:34:57]} 26. Nb3 {[%clk 0:09:44]} Nxb3 {[%clk 0:33:03]} 27. cxb3 {[%clk
0:09:50]} a5 {[%clk 0:30:14]} 28. Qg1 {[%clk 0:09:51]} Bb7 {[%clk 0:28:21]} 29.
Rc1 {[%clk 0:09:08]} Ba6 {[%clk 0:28:05]} 30. Qd1 {[%clk 0:09:22]} Rbc8 {[%clk
0:27:13]} 31. Rbc2 {[%clk 0:08:50]} Rd7 {[%clk 0:25:07]} 32. Qd2 {[%clk 0:05:39]}
h6 {[%clk 0:20:46]} 33. Kg1 {[%clk 0:05:49]} Rdc7 {[%clk 0:18:28]} 34. Kh2 {[%clk
0:04:53]} Rd7 {[%clk 0:17:40]} 35. Kh1 {[%clk 0:05:03]} f6 {[%clk 0:17:19]} 36.
h4 {[%clk 0:03:40]} Rd6 {[%clk 0:13:59]} 37. Kh2 {[%clk 0:03:02]} e5 {[%clk
0:13:18]} 38. f5 {[%clk 0:03:17]} Rdc6 {[%clk 0:11:39]} 39. Bf1 {[%clk 0:02:42]}
Qd7 {[%clk 0:11:05]} 40. g4 {[%clk 0:32:31]} Qe8 {[%clk 0:39:56]} 41. h5 {[%clk
0:30:36]} Qf7 {[%clk 0:39:52]} 42. Rb1 {[%clk 0:29:42]} Bd6 {[%clk 0:38:30]} 43.
Rxc6 {[%clk 0:24:44]} Rxc6 {[%clk 0:38:47]} 44. Qd1 {[%clk 0:22:24]} Nc8 {[%clk
0:34:22]} 45. Be1 {[%clk 0:21:17]} Qc7 {[%clk 0:33:51]} 46. Rb2 {[%clk 0:21:36]}
Nb6 {[%clk 0:32:33]} 47. Kg1 {[%clk 0:19:35]} Nd7 {[%clk 0:32:34]} 48. Kg2 {[%clk
0:17:39]} Nc5 {[%clk 0:29:24]} 49. Ng3 {[%clk 0:16:55]} Nd7 {[%clk 0:27:20]} 50.
Ne2 {[%clk 0:17:03]} Nf8 {[%clk 0:27:02]} 51. Kf2 {[%clk 0:13:41]} Nh7 {[%clk
0:27:05]} 52. Kg1 {[%clk 0:13:48]} Ng5 {[%clk 0:27:08]} 53. Bg2 {[%clk 0:13:36]}
Kf8 {[%clk 0:23:44]} 54. Kf1 {[%clk 0:12:30]} Nf7 {[%clk 0:21:01]} 55. Kg1 {[%clk
0:12:36]} Nd8 {[%clk 0:21:08]} 56. Bf1 {[%clk 0:12:38]} Nb7 {[%clk 0:21:12]} 57.
Kg2 {[%clk 0:12:13]} Nc5 {[%clk 0:21:29]} 58. Ng3 {[%clk 0:12:09]} Bc8 {[%clk
0:21:09]} 59. Kg1 {[%clk 0:11:37]} Bd7 {[%clk 0:20:57]} 60. Qa1 {[%clk 0:04:26]}
Nxd3 {[%clk 0:19:08]} 61. Bxd3 {[%clk 0:04:22]} Rc1 {[%clk 0:19:17]} 62. Rb1
{[%clk 0:04:32]} Rc3 {[%clk 0:18:08]} 63. Bxc3 {[%clk 0:04:39]} dxc3 {[%clk
0:18:35]} 64. Qa2 {[%clk 0:02:32]} Bc5+ {[%clk 0:18:43]} 65. Kg2 {[%clk 0:02:48]}
Qd6 {[%clk 0:18:36]} 66. Qc2 {[%clk 0:02:16]} Qd4 {[%clk 0:18:09]} 67. Rd1 {[%clk
0:02:19]} Qe3 {[%clk 0:16:21]} 68. Bc4 {[%clk 0:01:45]} Bc6 {[%clk 0:14:47]} 69.
Kh3 {[%clk 0:01:05]} Qf4 {[%clk 0:14:26]} 70. Qd3 {[%clk 0:00:48]} Bd4 {[%clk
0:14:35]} 71. Rf1 {[%clk 0:01:00]} Qe3 {[%clk 0:14:07]} 72. Qxe3 {[%clk 0:00:43]}
Bxe3 {[%clk 0:14:27]} 73. Ne2 {[%clk 0:00:36]} Bxe4 {[%clk 0:14:22]} 74. Kg3
{[%clk 0:00:48]} c2 {[%clk 0:13:27]} 75. Nc1 {[%clk 0:01:01]} Bd2 {[%clk
0:13:05]} 76. Kf2 {[%clk 0:00:54]} Ke7 {[%clk 0:11:36]} 77. Ke2 {[%clk 0:01:18]}
Bg5 {[%clk 0:11:49]} 78. Bd3 {[%clk 0:01:41]} Bg2 {[%clk 0:10:22]} 79. Rg1 {[%clk
0:01:53]} e4 {[%clk 0:10:29]} 80. Bxc2 {[%clk 0:02:01]} Bf3+ {[%clk 0:10:35]} 81.
Kf2 {[%clk 0:02:09]} Bh4+ {[%clk 0:10:23]} 82. Ke3 {[%clk 0:02:06]} Bg5+ {[%clk
0:10:35]} 83. Kd4 {[%clk 0:02:20]} e3 {[%clk 0:10:54]} 84. Be4 {[%clk 0:02:21]}
Bxe4 {[%clk 0:09:22]} 85. Kxe4 {[%clk 0:02:36]} 1-0